Adventure on Pangkor Island
| Main Author: | |
|---|---|
| Format: | Book |
| Published: |
Kuala Lumpur :
Utusan Publication & Distributors Sdn Bhd ,
2001
|
| Subjects: |
MARC
| LEADER | 00000cam a2200000 7i4500 | ||
|---|---|---|---|
| 001 | 0000023862 | ||
| 005 | 20160330.0 | ||
| 008 | 081106 | ||
| 020 | |a 9676111732 | ||
| 090 | 0 | 0 | |a ADN |b ENG |
| 100 | 1 | |a Adnan, Jean | |
| 245 | 1 | 0 | |a Adventure on Pangkor Island |c Jean Adnan |
| 260 | |a Kuala Lumpur : |b Utusan Publication & Distributors Sdn Bhd , |c 2001 | ||
| 500 | |a Teenager ages 13-18 years old (blue) | ||
| 650 | 0 | |a English fiction | |
| 999 | |a 0001029215 |b Book |c Teenagers |e Perbadanan Perpustakaan Awam Johor | ||
| 999 | |a 0001087236 |b Book |c Children Collection |e Cawangan Segamat | ||